History and Theory in Anthropology / (Record no. 353738)
[ view plain ]
| 000 -LEADER | |
|---|---|
| fixed length control field | 01577nam a2200277 a 4500 |
| 001 - CONTROL NUMBER | |
| control field | ASIN0521774322 |
| 003 - CONTROL NUMBER IDENTIFIER | |
| control field | OSt |
| 005 - DATE AND TIME OF LATEST TRANSACTION | |
| control field | 20180116192416.0 |
| 008 - FIXED-LENGTH DATA ELEMENTS--GENERAL INFORMATION | |
| fixed length control field | 130723s2000 xxu eng d |
| 020 ## - INTERNATIONAL STANDARD BOOK NUMBER | |
| International Standard Book Number | 0521774322 (paperback) |
| Terms of availability | $44.00 |
| 020 ## - INTERNATIONAL STANDARD BOOK NUMBER | |
| International Standard Book Number | 9780521774321 (paperback) |
| 040 ## - CATALOGING SOURCE | |
| Transcribing agency | Del |
| 050 04 - LIBRARY OF CONGRESS CALL NUMBER | |
| Classification number | GN33 |
| 082 04 - DEWEY DECIMAL CLASSIFICATION NUMBER | |
| Classification number | 301.01 |
| 100 1# - MAIN ENTRY--PERSONAL NAME | |
| Personal name | Barnard, Alan. |
| 9 (RLIN) | 6708 |
| 245 10 - TITLE STATEMENT | |
| Title | History and Theory in Anthropology / |
| Statement of responsibility, etc. | Alan Barnard. |
| 250 ## - EDITION STATEMENT | |
| Edition statement | 1st ed. |
| 260 ## - PUBLICATION, DISTRIBUTION, ETC. | |
| Place of publication, distribution, etc. | [S.l.] : |
| Name of publisher, distributor, etc. | Cambridge University Press, |
| Date of publication, distribution, etc. | 2000. |
| 300 ## - PHYSICAL DESCRIPTION | |
| Extent | 251 p. ; |
| Dimensions | 23 cm. |
| 520 ## - SUMMARY, ETC. | |
| Summary, etc. | Anthropology is a discipline very conscious of its history. Alan Barnard has written a clear, detailed overview of anthropological theory that brings out the historical contexts of the great debates, tracing the genealogies of theories and schools of thought. His book covers the precursors of anthropology; evolutionism in all its guises; diffusionism and culture area theories, functionalism and structural-functionalism; action-centered theories; processual and Marxist perspectives; the many faces of relativism, structuralism and poststructuralism; and recent interpretive and postmodernist viewpoints. This is a balanced and judicious survey, which also considers the problems involved in assessing anthropological theories. |
| 650 #0 - SUBJECT ADDED ENTRY--TOPICAL TERM | |
| Topical term or geographic name entry element | Anthropology |
| 9 (RLIN) | 6709 |
| 650 #0 - SUBJECT ADDED ENTRY--TOPICAL TERM | |
| Topical term or geographic name entry element | Anthropology--Philosophy |
| 9 (RLIN) | 6710 |
| 856 40 - ELECTRONIC LOCATION AND ACCESS | |
| Materials specified | Amazon.com |
| Uniform Resource Identifier | <a href="http://www.amazon.com/exec/obidos/ASIN/0521774322/chopaconline-20">http://www.amazon.com/exec/obidos/ASIN/0521774322/chopaconline-20</a> |
| 942 ## - ADDED ENTRY ELEMENTS (KOHA) | |
| Source of classification or shelving scheme | |
| Koha item type | Book |
| Withdrawn status | Lost status | Source of classification or shelving scheme | Damaged status | Not for loan | Permanent Location | Current Location | Date acquired | Total Checkouts | Total Renewals | Full call number | Barcode | Date last seen | Date last checked out | Copy number | Cost, replacement price | Price effective from | Koha item type |
|---|---|---|---|---|---|---|---|---|---|---|---|---|---|---|---|---|---|
| School of Art Design and Architecture (SADA) | School of Art Design and Architecture (SADA) | 07/18/2013 | 2 | 1 | 301.01 ALA 2000 | SADA0002121 | 04/09/2015 | 02/20/2015 | 1 | 3105.65 | 07/23/2013 | Book |
